Normal view MARC view

Entry Personal Name

Number of records used in: 3

001 - CONTROL NUMBER

  • control field: 25020

003 - CONTROL NUMBER IDENTIFIER

  • control field: OSt

005 - DATE AND TIME OF LATEST TRANSACTION

  • control field: 20211105134921.0

008 - FIXED-LENGTH DATA ELEMENTS

  • fixed length control field: 211105|| aca||aabn | a|a d

040 ## - CATALOGING SOURCE

  • Original cataloging agency: OSt
  • Transcribing agency: OSt

100 ## - HEADING--PERSONAL NAME

  • Personal name: Sahu, Kailash., ed

670 ## - SOURCE DATA FOUND

  • Source citation: Work cat.: (OSt): Space Telescope Science Institute Symposium Baltimore, Maryland 1999 May 3-6 25019, Supernovae and gamma-ray bursts, 2001

Powered by Koha